Documentos y expedientes sobre la historia de Extremadura en los fondos contemporáneos del Archivo Histórico Nacional (Record no. 18896)

MARC details
000 -LEADER
campo de control de longitud fija 00994nam a2200253 i 4500
001 - NÚMERO DE CONTROL
campo de control 18896
003 - IDENTIFICADOR DE NÚMERO DE CONTROL
campo de control ES-MaACL
005 - FECHA Y HORA DE LA ÚLTIMA TRANSACCIÓN
campo de control 20230906151941.0
007 - CAMPO FIJO DE DESCRIPCIÓN FÍSICA--INFORMACIÓN GENERAL
campo de control de longitud fija t|
008 - DATOS DE LONGITUD FIJA--INFORMACIÓN GENERAL
campo de control de longitud fija 020410s2001 sp ||||1| spa d
020 ## - NÚMERO INTERNACIONAL ESTÁNDAR DEL LIBRO
Número Internacional Estándar del Libro 84-87311-19-9
080 ## - NÚMERO DE LA CLASIFICACIÓN DECIMAL UNIVERSAL
Número de la Clasificación Decimal Universal 930.255(460.27 M.)
080 ## - NÚMERO DE LA CLASIFICACIÓN DECIMAL UNIVERSAL
Número de la Clasificación Decimal Universal 946.025(093)
100 1# - ENTRADA PRINCIPAL--NOMBRE DE PERSONA
Nombre de persona Rodríguez-Moñino Soriano, Rafael.
9 (RLIN) 98682
245 10 - MENCIÓN DEL TÍTULO
Título Documentos y expedientes sobre la historia de Extremadura en los fondos contemporáneos del Archivo Histórico Nacional
Resto del título : (Relación de los mismos. Breves análisis) /
Mención de responsabilidad, etc. Rafael Rodríguez-Moñino Soriano.
260 ## - PUBLICACIÓN, DISTRIBUCIÓN, ETC.
Lugar de publicación, distribución, etc. Madrid :
Nombre del editor, distribuidor, etc. Beturia,
Fecha de publicación, distribución, etc. 2001.
300 ## - DESCRIPCIÓN FÍSICA
Extensión 75 p. :
Otras características físicas XII il. ;
Dimensiones 21 cm.
490 1# - MENCIÓN DE SERIE
Mención de serie Cuadernos de Beturia ;
Designación de volumen o secuencia 3
610 27 - PUNTO DE ACCESO ADICIONAL DE MATERIA--NOMBRE DE ENTIDAD CORPORATIVA
Nombre de entidad corporativa o nombre de jurisdicción como elemento de entrada Archivo Histórico Nacional (España).
Unidad subordinada Sección de Fondos Contemporáneos-
Subdivisión de forma Catálogos.
9 (RLIN) 1452
651 #4 - PUNTO DE ACCESO ADICIONAL DE MATERIA--NOMBRE GEOGRÁFICO
Nombre geográfico Extremadura-
Subdivisión general Historia-
Subdivisión de forma Fuentes.
9 (RLIN) 8646
830 0# - PUNTO DE ACCESO ADICIONAL DE SERIE-TÍTULO UNIFORME
Título uniforme Cuadernos de Beturia ;
Designación de volumen o secuencia 3
9 (RLIN) 228840
852 ## - LOCALIZACIÓN
Ubicación ES-MaACL
Número de control de estantería L-25420
Sublocalización o colección R.131169
Holdings
Estatus retirado Estado de pérdida Estado de daño No para préstamo Biblioteca de origen Biblioteca actual Ubicación en estantería Fecha de adquisición Fuente de adquisición Total de préstamos Signatura topográfica completa Código de barras Visto por última vez Precio de reemplazo Tipo de ítem Koha
        Biblioteca del Ateneo de Madrid Biblioteca del Ateneo de Madrid Depósito 2 17/01/2008     L-25420 1019334 23/02/2023 23/02/2023 Libro impreso